000 00503nam a2200181Ia 4500
008 100917s9999 xx 000 0 und d
082 _b53855
100 _aबोकील वि. वि.
245 _aभाऊ भाऊ
260 _bकॉन्टिनेंटल प्रकाशन
_c1946
300 _a134
365 _b2.5
520 _aकादंबरी
630 _aभाऊ भाऊ
650 _aकादंबरी
730 _aभाऊ भाऊ
942 _cBOOK
999 _c659249
_d659246